00656nam a2200181 a 450000100100000000500170001000800410002704000250006808200200009324501170011325000110023026000750024130000280031665000300034465000370037470000310041170000320044200002079120200930011148.0100817s1975 ho a r 000 0 spa d aDO-SdBNPbspacBPJMB a510.0712bM425d00aMatemática 2 :bguía para el maestro /cEustogio Zevallos Mojica ...[et al] ; edición Óscar Velásquez. a2a ed. aRepública de Honduras :bMinisterio de Educación Pública,c1975. a173 p. :bil. ;c26 cm. 4aMatemáticaxEnseñanza 4aMatemáticasxEnseñanza media1 aVelásquez, Óscar,eed.1 aZevallos Mojica, Eustorgio.